2025 Missing Movie Titles - Statistics

General Stats
  • This quiz has been taken 14 times
  • The average score is 20 of 45
Answer Stats
Hint Answer % Correct
Captain America: Brave ____ World New
92%
How To ____ Your Dragon Train
92%
Fountain Of ____ Youth
83%
I Know What You Did Last ____ Summer
75%
____ Years Later 28
67%
Wake Up ____ Man: A Knives Out Mystery Dead
67%
Mission: Impossible - The ____ Reckoning Final
67%
____ Demon Hunters KPop
67%
____ 2.0 M3GAN
67%
____ White Snow
67%
Death Of A ____ Unicorn
67%
Avatar: Fire And ____ Ash
58%
One ____ After Another Battle
58%
____ Raff Riff
58%
Until ____ Dawn
50%
The Fantastic 4: ____ Steps First
50%
Karate Kid: ____ Legends
50%
____ Of Them Days One
50%
Jurassic World: ____ Rebirth
50%
____: For Good Wicked
50%
Back In ____ Action
42%
The Toxic ____ Avenger
42%
Final Destination: ____ Bloodlines
42%
Bridget Jones: Mad About The ____ Boy
42%
A ____ Movie Minecraft
42%
The ____ Gun Naked
42%
Caught ____ Stealing
42%
Predator: ____ Badlands
33%
____ Risk Flight
33%
The Bad ____ 2 Guys
33%
____ 17 Mickey
33%
The ____ Man Running
33%
The ____ Murder Club Thursday
33%
Black ____ Bag
25%
The ____ State Electric
25%
The Old ____ 2 Guard
25%
____ Eyes Heart
25%
In The ____ Lands Lost
25%
Kinda ____ Pregnant
25%
The ____ Knights Alto
17%
The Lost ____ Bus
17%
After The ____ Hunt
17%
Star Trek: ____ 31 Section
17%
Den Of Thieves 2: ____ Pantera
8%
A ____ Man Working
8%
No matching quizzes found
Score Distribution
Percent of People with Each Score
Percentile by Number Answered
Your Score History
You have not taken this quiz